000
002620000a22000970004500
100
1
_a
Sánchez Cetina, Edesio
245
1
0
_a
Doxología de la palabra de Dios
300
_a
Vol. 57, Núm 258 (2002), Página 8-11
773
0
_t
La Biblia de las Américas
942
_c
ANA
999
_c
51699
_d
51699